| 000 | 00794nam a2200205Ia 4500 | ||
|---|---|---|---|
| 005 | 20250508161909.0 | ||
| 008 | 008 250505s9999 xx 000 0 eng d | ||
| 037 | _aTextual | ||
| 040 |
_aFEDL _beng _cFEDL |
||
| 041 |
_aeng _2eng |
||
| 084 |
_a507.959 3, UNE _qFEDL |
||
| 245 | 0 | _aInstitute for the promotion of teaching science and technology of Thailand | |
| 245 | 0 | _cUnesco: Regional Office for Education in Asia | |
| 260 |
_aBangkok, Thailand _bUNESCO Regional Office for Education in Asia and the Pacific _c1977 |
||
| 300 | _a68p | ||
| 490 | _aStudies of curriculum development centres in Asia; 4 | ||
| 546 | _aStudy prepared for the Asian centre of Educational innovation for development (ACEID) | ||
| 942 |
_cTEXL _h507.959 3, UNE |
||
| 999 |
_c1373040 _d1373040 |
||